| 000 | 00479cam a2200169 i 4500 | ||
|---|---|---|---|
| 999 |
_c603 _d603 |
||
| 020 | _a0419110607 : | ||
| 050 | 0 | 0 |
_aHD1392 _b.M61 |
| 100 | 1 | _aMiles, C. W. N. | |
| 245 | 1 | 0 |
_aRecreational land management / _c[by] C. W. N. Miles, W. Seabrooke. |
| 260 |
_aLondon : _bSpon, _c1977. |
||
| 300 |
_aix, 147 p. : _bill., map ; _c25 cm. |
||
| 500 | _aIncludes index. | ||
| 650 | 0 |
_aLand use _xManagement. |
|
| 650 | 0 |
_aRecreation areas _xManagement. |
|
| 700 | 1 | _aSeabrooke, W., | |
| 942 | _cBK | ||